00367nam a2200145Ia 4500008004100000020001500041041001200056100001500068245005600083250000800139260003800147300000900185650001000194700001700204221030s9999 xx 000 0 und d a8131518337 aEnglish aJ. M. Gere 0aMechanics of Materialscby J. M. Gere, B. J. Goodno a7th bCengage LearningaNew Delhic2012 a1002 aCivil aB. J. Goodno